000 00357nam a2200145Ia 4500
008 210719s1962 xx 000 0 und d
041 _aeng
082 _a150 SCHT
100 _aSCHER (Jordan M) Ed
245 _aTheories of the mind.
260 _aNY
_bThe Free Press of Glenco.
_c1962
300 _axviii,748
_bHB
365 _cRs
650 _aPsychology
999 _c212623
_d212623